000 00596nam a2200217Ia 4500
003 OSt
005 20250828114621.0
008 241004s9999 xx 000 0 und d
020 _a9781138642744
037 _aTextbook
040 _aARTS
_beng
_cARTS
041 _aeng
_2eng
084 _aR R1
_qARTS
100 _aPaul Sarah K. Au.
_9724680
245 _aPhilosophy of action: a contemporary introduction
_cPaul Sarah K. Au.
260 _aUSA
_bNew York Routledge
_c2021
300 _ax,178p.
365 _aUKP
_b32.99
942 _cTB
_hR R1
_2CC
_n0
999 _c1218830
_d1218830